000 00838nam a2200217 a 4500
008 120416s1992 ||||||||||||||||| || u
020 _a0192620193
050 _aRG 628.3.U58 Dop
100 _aPearce, John Malcolm
245 1 0 _aDoppler ultrasound in perinatal medicine
_cedited by J. Malcolm Pearce
260 _aOxford
_bOxford University Press
_c1992
300 _axii, 346p. : ill.
350 _a0.00
490 _aOxford medical publications
500 _aBibliography.
650 3 _aULTRASONOGRAPHY, PRENATAL
650 _aPregnancy Complications - ultrasonography
650 0 _aULTRASONICS IN OBSTETRICS
650 _aDOPPLER ULTRASONOGRAPHY
995 _D0.00
_FCBU-MAIN LIBRARY (Kitwe)
_H1
_I52.50
_M1
_UAVAILABLE
_WApr 23, 2007
_ZMain Library Open Access Collection
999 _c40462
_d40462